[Event "Mitropa Cup 30th"]
[Site "Merlimont"]
[Date "2011.10.12"]
[Round "5"]
[White "Bluebaum, Matthias"]
[Black "Houriez, Clement"]
[Result "1-0"]
[WhiteElo "2388"]
[BlackElo "2331"]
[PlyCount "63"]
[EventDate "2011.10.08"]
[EventType "team-tourn"]
[EventRounds "9"]
[EventCountry "FRA"]
[Source "ChessBase"]
[SourceDate "2011.10.28"]
[WhiteTeam "Germany"]
[BlackTeam "France"]
[WhiteTeamCountry "GER"]
[BlackTeamCountry "FRA"]

1. d4 Nf6 2. c4 e6 3. g3 c5 4. d5 exd5 5. cxd5 b5 6. e4 Nxe4 7. Qe2 Qe7 8. Bg2
f5 9. Nh3 b4 10. O-O Ba6 11. Qc2 Bxf1 12. Kxf1 d6 13. Nd2 Nd7 14. Nxe4 fxe4 15.
Bxe4 Nf6 16. Bf3 Qb7 17. Ng5 O-O-O 18. Bf4 Re8 19. a3 b3 20. Qf5+ Nd7 21. Nf7
g6 22. Qd3 Rg8 23. Bg4 Kc7 24. Rc1 Rg7 25. Be6 Rxf7 26. Bxf7 Ne5 27. Bxe5 Rxe5
28. Rc3 Kd8 29. Be6 Rxe6 30. dxe6 Qh1+ 31. Ke2 d5 32. Qf3 1-0

[Event "Mitropa Cup 30th"]
[Site "Merlimont"]
[Date "2011.10.12"]
[Round "5"]
[White "Brunner, Nicolas"]
[Black "Huschenbeth, Niclas"]
[Result "1/2-1/2"]
[WhiteElo "2466"]
[BlackElo "2510"]
[PlyCount "68"]
[EventDate "2011.10.08"]
[EventType "team-tourn"]
[EventRounds "9"]
[EventCountry "FRA"]
[Source "ChessBase"]
[SourceDate "2011.10.28"]
[WhiteTeam "France"]
[BlackTeam "Germany"]
[WhiteTeamCountry "FRA"]
[BlackTeamCountry "GER"]

1. d4 Nf6 2. c4 e6 3. Nf3 b6 4. g3 Bb7 5. Bg2 c5 6. d5 exd5 7. Nh4 g6 8. cxd5
d6 9. Nc3 Bg7 10. O-O O-O 11. e4 Re8 12. Re1 a6 13. a4 Nbd7 14. f4 c4 15. Be3
Rc8 16. Bf2 Qc7 17. Bh3 Rcd8 18. Bxd7 Nxd7 19. Bd4 Bxd4+ 20. Qxd4 Qc5 21. Rad1
b5 22. axb5 axb5 23. Qxc5 Nxc5 24. Nxb5 Rxe4 25. Rxe4 Nxe4 26. Ng2 Rc8 27. Nc3
Nc5 28. Nb5 Ne4 29. Nc3 Nc5 30. Nb5 Ba6 31. Nxd6 Rd8 32. Nxc4 Bxc4 33. Rc1 Bxd5
34. Rxc5 Bxg2 1/2-1/2

[Event "Mitropa Cup 30th"]
[Site "Merlimont"]
[Date "2011.10.12"]
[Round "5"]
[White "Prusikin, Michael"]
[Black "Demuth, Adrien"]
[Result "1/2-1/2"]
[WhiteElo "2541"]
[BlackElo "2440"]
[PlyCount "38"]
[EventDate "2011.10.08"]
[EventType "team-tourn"]
[EventRounds "9"]
[EventCountry "FRA"]
[Source "ChessBase"]
[SourceDate "2011.10.28"]
[WhiteTeam "Germany"]
[BlackTeam "France"]
[WhiteTeamCountry "GER"]
[BlackTeamCountry "FRA"]

1. Nf3 c5 2. g3 Nc6 3. Bg2 g6 4. c4 Bg7 5. Nc3 e5 6. O-O Nge7 7. a3 O-O 8. b4
d5 9. cxd5 Nxd5 10. Nxd5 Qxd5 11. Bb2 e4 12. Bxg7 Kxg7 13. Ne1 cxb4 14. d3 bxa3
15. Rxa3 Bf5 16. Nc2 Qe5 17. Ne3 exd3 18. Nxf5+ Qxf5 19. exd3 Rfd8 1/2-1/2

[Event "Mitropa Cup 30th"]
[Site "Merlimont"]
[Date "2011.10.12"]
[Round "5"]
[White "Choisy, Mathilde"]
[Black "Horvath, Peter"]
[Result "0-1"]
[WhiteElo "2203"]
[BlackElo "2450"]
[PlyCount "176"]
[EventDate "2011.10.08"]
[EventType "team-tourn"]
[EventRounds "9"]
[EventCountry "FRA"]
[Source "ChessBase"]
[SourceDate "2011.10.28"]
[WhiteTeam "France II"]
[BlackTeam "Hungary"]
[WhiteTeamCountry "FRA"]
[BlackTeamCountry "HUN"]

1. e4 c5 2. Nf3 Nc6 3. d4 cxd4 4. Nxd4 e5 5. Nb5 d6 6. N1c3 a6 7. Na3 Be7 8.
Nc4 b5 9. Ne3 Nf6 10. Bd3 O-O 11. O-O Ne8 12. a4 b4 13. Ncd5 Bg5 14. a5 Bb7 15.
Ra4 Nxa5 16. Rxb4 Ra7 17. Ra4 Nc6 18. c3 a5 19. Qe2 Ra8 20. Bd2 Ne7 21. Nxe7+
Bxe7 22. Rfa1 Bc6 23. R4a2 a4 24. Bc2 Bg5 25. Nf5 Bxd2 26. Qxd2 g6 27. Ne3 Nf6
28. f3 d5 29. exd5 Nxd5 30. Nxd5 Bxd5 31. Rxa4 Qb6+ 32. Kh1 Rad8 33. Qe2 Qxb2
34. Bd3 Qxc3 35. Be4 Bxe4 36. Qxe4 Rd4 37. Qb1 Rfd8 38. Ra8 Rxa8 39. Rxa8+ Kg7
40. Ra1 Rd2 41. Qe1 Qd4 42. h3 h5 43. Rb1 h4 44. Rc1 f6 45. Qf1 Kh6 46. Qa6 Kg5
47. Qc8 Qf2 48. Qg4+ Kh6 49. Rg1 Qg3 50. Qb4 Rd4 51. Qf8+ Kg5 52. Qc8 Rd2 53.
Qc1 Qf4 54. Qc8 Re2 55. Qd7 Qd4 56. Qc8 Qf4 57. Qd7 Rc2 58. Qd5 Qd4 59. Qe6 Qc4
60. Qd7 Qc8 61. Qd5 Qc6 62. Qf7 Kf5 63. Qh7 Qc4 64. Qd7+ Kg5 65. Qd8 Qd4 66.
Qe7 Ra2 67. Qf8 Ra1 68. Rxa1 Qxa1+ 69. Kh2 Qd4 70. Qc8 f5 71. Qe6 Qf4+ 72. Kg1
Qd4+ 73. Kh1 Qc5 74. Kh2 Qc7 75. Kh1 Qg7 76. Qd5 Qe7 77. Qd2+ Kh5 78. Qd5 Kh6
79. Qd2+ Kh7 80. Qd5 e4 81. fxe4 fxe4 82. Qd2 e3 83. Qe2 Qe4 84. Kg1 Kh6 85.
Kh1 Qf4 86. Kg1 Qd4 87. Kf1 Qa1+ 88. Qe1 Qxe1+ 0-1

[Event "Mitropa Cup 30th"]
[Site "Merlimont"]
[Date "2011.10.12"]
[Round "5"]
[White "Milliet, Sophie"]
[Black "Prohaszka, Peter"]
[Result "1/2-1/2"]
[WhiteElo "2374"]
[BlackElo "2553"]
[PlyCount "32"]
[EventDate "2011.10.08"]
[EventType "team-tourn"]
[EventRounds "9"]
[EventCountry "FRA"]
[Source "ChessBase"]
[SourceDate "2011.10.28"]
[WhiteTeam "France II"]
[BlackTeam "Hungary"]
[WhiteTeamCountry "FRA"]
[BlackTeamCountry "HUN"]

1. e4 e5 2. Nf3 Nc6 3. Bb5 Nf6 4. O-O Nxe4 5. d4 Nd6 6. dxe5 Nxb5 7. a4 Nxe5 8.
Nxe5 Nd6 9. Re1 Be7 10. Bg5 Nf5 11. Bxe7 Nxe7 12. Nxf7 Kxf7 13. Qf3+ Kg6 14.
Qg3+ Kf7 15. Qf3+ Kg6 16. Qg3+ Kf7 1/2-1/2

[Event "Mitropa Cup 30th"]
[Site "Merlimont"]
[Date "2011.10.12"]
[Round "5"]
[White "Nagy, Gabor"]
[Black "Delorme, Laurie"]
[Result "0-1"]
[WhiteElo "2404"]
[BlackElo "2223"]
[PlyCount "88"]
[EventDate "2011.10.08"]
[EventType "team-tourn"]
[EventRounds "9"]
[EventCountry "FRA"]
[Source "ChessBase"]
[SourceDate "2011.10.28"]
[WhiteTeam "Hungary"]
[BlackTeam "France II"]
[WhiteTeamCountry "HUN"]
[BlackTeamCountry "FRA"]

1. c4 Nf6 2. Nc3 e5 3. e3 Nc6 4. Nf3 d5 5. cxd5 Nxd5 6. d3 Be7 7. Be2 O-O 8. a3
Be6 9. O-O Kh8 10. Nxd5 Qxd5 11. b4 a5 12. e4 Qd6 13. b5 Nd4 14. Nxd4 Qxd4 15.
Rb1 a4 16. Bb2 Qd6 17. Qd2 Rad8 18. Rfc1 Bb3 19. Qc3 Bg5 20. Rf1 f6 21. g3 Rf7
22. Kg2 Rfd7 23. Rbe1 c5 24. Bc1 Bxc1 25. Qxc1 Qd4 26. Bg4 Rd6 27. Re3 Rb6 28.
f4 Rxb5 29. Kh3 Re8 30. Qe1 Bf7 31. Rf2 Rb3 32. Ref3 Be6 33. Bxe6 Rxe6 34. Qa5
Qd7 35. Kg2 b6 36. Qa6 exf4 37. Rxf4 b5 38. Qa5 Re8 39. e5 Rxe5 40. Re4 Rxe4
41. dxe4 h6 42. Rd2 Qg4 43. Qa8+ Kh7 44. h3 Qf3+ 0-1

[Event "Mitropa Cup 30th"]
[Site "Merlimont"]
[Date "2011.10.12"]
[Round "5"]
[White "Rapport, Richard"]
[Black "Gozzoli, Yannick"]
[Result "0-1"]
[WhiteElo "2547"]
[BlackElo "2522"]
[PlyCount "96"]
[EventDate "2011.10.08"]
[EventType "team-tourn"]
[EventRounds "9"]
[EventCountry "FRA"]
[Source "ChessBase"]
[SourceDate "2011.10.28"]
[WhiteTeam "Hungary"]
[BlackTeam "France II"]
[WhiteTeamCountry "HUN"]
[BlackTeamCountry "FRA"]

1. d4 Nf6 2. c4 e6 3. Nf3 c5 4. d5 b5 5. Bg5 exd5 6. cxd5 d6 7. a4 b4 8. e4 Be7
9. Bb5+ Nfd7 10. Bf4 O-O 11. O-O a5 12. Nbd2 Nb6 13. Re1 Ba6 14. Bxa6 Rxa6 15.
Qe2 Bf6 16. Bxd6 Qxd6 17. e5 Bxe5 18. Nxe5 Nxd5 19. Rad1 Nc7 20. Qe4 Ne6 21.
Nb3 Qc7 22. Qc4 Rd6 23. Rxd6 Qxd6 24. Nxa5 Nd7 25. Nac6 Nxe5 26. Nxe5 Qd2 27.
Qc1 Qd5 28. Qc4 Qd2 29. Qc1 Qd5 30. a5 h6 31. Qc4 Qd2 32. Qc1 Qd5 33. Nc4 Rd8
34. h3 Nd4 35. Nb6 Qc6 36. Qc4 Rd6 37. Re7 Ne6 38. Qe2 Nd4 39. Qc4 Ne6 40. Qe2
Nd4 41. Qe5 c4 42. Qf4 Rg6 43. Qxf7+ Kh7 44. Qd5 c3 45. bxc3 bxc3 46. Kh2 c2
47. Re1 Qxd5 48. Nxd5 Rc6 0-1

[Event "Mitropa Cup 30th"]
[Site "Merlimont"]
[Date "2011.10.13"]
[Round "6"]
[White "Kreisl, Robert"]
[Black "Michalik, Peter"]
[Result "0-1"]
[WhiteElo "2402"]
[BlackElo "2511"]
[PlyCount "88"]
[EventDate "2011.10.08"]
[EventType "team-tourn"]
[EventRounds "9"]
[EventCountry "FRA"]
[Source "ChessBase"]
[SourceDate "2011.10.28"]
[WhiteTeam "Austria"]
[BlackTeam "Slovakia"]
[WhiteTeamCountry "AUT"]
[BlackTeamCountry "SVK"]

1. Nf3 Nf6 2. c4 g6 3. g3 Bg7 4. Bg2 O-O 5. O-O d5 6. cxd5 Nxd5 7. Nc3 Nc6 8.
d4 Nb6 9. d5 Na5 10. e4 c6 11. Bf4 cxd5 12. exd5 Nac4 13. Qe2 Nxb2 14. Qxb2 Na4
15. Nxa4 Bxb2 16. Nxb2 Qxd5 17. Rfd1 Qb5 18. Rab1 Bg4 19. h3 Bxf3 20. Bxf3 Rad8
21. Nd3 Qf5 22. Bg4 Qe4 23. Nc5 Rxd1+ 24. Rxd1 Qc6 25. Nd7 Re8 26. Ne5 Qc2 27.
Rd7 Qxa2 28. h4 h6 29. Kg2 Kg7 30. Bf3 g5 31. hxg5 hxg5 32. Be3 f6 33. Ng4 b6
34. Bd4 Kf8 35. Ne3 Qa4 36. Bg4 Qc6+ 37. Kg1 a5 38. Nd5 a4 39. Nc7 Rc8 40. Ne6+
Ke8 41. Ng7+ Kf7 42. Nh5 Qe4 43. Rxe7+ Qxe7 44. Bxc8 Qd8 0-1

[Event "Mitropa Cup 30th"]
[Site "Merlimont"]
[Date "2011.10.13"]
[Round "6"]
[White "Pacher, Milan"]
[Black "Diermair, Andreas"]
[Result "0-1"]
[WhiteElo "2403"]
[BlackElo "2414"]
[PlyCount "70"]
[EventDate "2011.10.08"]
[EventType "team-tourn"]
[EventRounds "9"]
[EventCountry "FRA"]
[Source "ChessBase"]
[SourceDate "2011.10.28"]
[WhiteTeam "Slovakia"]
[BlackTeam "Austria"]
[WhiteTeamCountry "SVK"]
[BlackTeamCountry "AUT"]

1. d4 d5 2. c4 c6 3. Nf3 Nf6 4. Nc3 e6 5. Bg5 h6 6. Bxf6 Qxf6 7. e3 g6 8. Bd3
Bg7 9. O-O O-O 10. e4 dxe4 11. Nxe4 Qd8 12. Bc2 Nd7 13. Qd2 e5 14. Rad1 exd4
15. Nxd4 Ne5 16. c5 Qh4 17. f4 Ng4 18. h3 Nf6 19. Nd6 Nd5 20. Be4 Bd7 21. Nxb7
Rab8 22. Na5 Bxd4+ 23. Qxd4 Rb4 24. Qd3 Nxf4 25. Qf3 Nxh3+ 26. gxh3 Bxh3 27.
Rfe1 Re8 28. Re3 Rbxe4 29. Qxh3 Qg5+ 30. Rg3 Qxc5+ 31. Kh1 Re1+ 32. Rxe1 Rxe1+
33. Kh2 Qxa5 34. Qxh6 Re2+ 35. Rg2 Qe5+ 0-1

[Event "Mitropa Cup 30th"]
[Site "Merlimont"]
[Date "2011.10.13"]
[Round "6"]
[White "Petenyi, Tamas"]
[Black "Halvax, Georg"]
[Result "1/2-1/2"]
[WhiteElo "2347"]
[BlackElo "2326"]
[PlyCount "119"]
[EventDate "2011.10.08"]
[EventType "team-tourn"]
[EventRounds "9"]
[EventCountry "FRA"]
[Source "ChessBase"]
[SourceDate "2011.10.28"]
[WhiteTeam "Slovakia"]
[BlackTeam "Austria"]
[WhiteTeamCountry "SVK"]
[BlackTeamCountry "AUT"]

1. e4 e5 2. Nf3 Nc6 3. Bb5 a6 4. Ba4 Nf6 5. O-O Be7 6. Re1 b5 7. Bb3 O-O 8. h3
Bb7 9. d3 Re8 10. Bg5 h6 11. Bxf6 Bxf6 12. Bd5 Rb8 13. c3 Ne7 14. Bxb7 Rxb7 15.
d4 Ng6 16. d5 Nf4 17. Kh2 c5 18. g3 Ng6 19. c4 d6 20. Qc2 Qa5 21. Nbd2 Reb8 22.
cxb5 axb5 23. a4 bxa4 24. Nc4 Qc7 25. Rxa4 Qd7 26. Rea1 Be7 27. R1a2 Rb3 28.
Ra8 Bd8 29. R2a7 Qb5 30. Rxb8 Qxb8 31. Ra8 Qxa8 32. Qxb3 Bc7 33. Qb5 Nf8 34.
Kg2 g6 35. Ne3 Kg7 36. h4 h5 37. Ng5 Qd8 38. Nc4 Qb8 39. Qc6 Nh7 40. Nxh7 Kxh7
41. Ne3 Kg7 42. Qd7 Ba5 43. Nc4 Bc7 44. Qa4 Qb7 45. Qc2 Qb4 46. Qe2 Qb5 47. Qc2
Qb4 48. b3 Kg8 49. Ne3 Kg7 50. Qd3 Bd8 51. Kf3 Be7 52. Nc4 Qe1 53. Kg2 Qb4 54.
Kf1 Bf8 55. Kg1 Be7 56. Kg2 Bf8 57. Ne3 Be7 58. Kf1 Bd8 59. Kg2 Be7 60. Kf1
1/2-1/2

[Event "Mitropa Cup 30th"]
[Site "Merlimont"]
[Date "2011.10.13"]
[Round "6"]
[White "Schachinger, Mario"]
[Black "Mazur, Stefan"]
[Result "1/2-1/2"]
[WhiteElo "2386"]
[BlackElo "2372"]
[PlyCount "49"]
[EventDate "2011.10.08"]
[EventType "team-tourn"]
[EventRounds "9"]
[EventCountry "FRA"]
[Source "ChessBase"]
[SourceDate "2011.10.28"]
[WhiteTeam "Austria"]
[BlackTeam "Slovakia"]
[WhiteTeamCountry "AUT"]
[BlackTeamCountry "SVK"]

1. Nf3 Nf6 2. g3 g6 3. b3 Bg7 4. Bb2 O-O 5. Bg2 c5 6. c4 d6 7. d4 Nc6 8. O-O
cxd4 9. Nxd4 Bd7 10. Nc3 Nxd4 11. Qxd4 Bc6 12. Nd5 Nh5 13. Qd2 Bxb2 14. Qxb2
Rc8 15. e4 Bxd5 16. cxd5 Nf6 17. Rac1 Qd7 18. Qd4 Rxc1 19. Rxc1 Rc8 20. Rc4
Rxc4 21. Qxc4 Qg4 22. Qc2 h5 23. h3 Qd7 24. f4 Qd8 25. Kh2 1/2-1/2

[Event "Mitropa Cup 30th"]
[Site "Merlimont"]
[Date "2011.10.13"]
[Round "6"]
[White "Bokros, Albert"]
[Black "Zilka, Stepan"]
[Result "1/2-1/2"]
[WhiteElo "2452"]
[BlackElo "2517"]
[PlyCount "31"]
[EventDate "2011.10.08"]
[EventType "team-tourn"]
[EventRounds "9"]
[EventCountry "FRA"]
[Source "ChessBase"]
[SourceDate "2011.10.28"]
[WhiteTeam "Hungary"]
[BlackTeam "Czech Republic"]
[WhiteTeamCountry "HUN"]
[BlackTeamCountry "CZE"]

1. e4 e5 2. Nf3 Nc6 3. Bb5 a6 4. Ba4 Nf6 5. O-O Be7 6. d3 b5 7. Bb3 d6 8. a4 b4
9. a5 O-O 10. Nbd2 h6 11. c3 Rb8 12. Nc4 bxc3 13. bxc3 Be6 14. Ba4 Na7 15. Ne3
c5 16. Bc2 1/2-1/2

[Event "Mitropa Cup 30th"]
[Site "Merlimont"]
[Date "2011.10.13"]
[Round "6"]
[White "Krejci, Jan1"]
[Black "Nagy, Gabor"]
[Result "1-0"]
[WhiteElo "2489"]
[BlackElo "2404"]
[PlyCount "109"]
[EventDate "2011.10.08"]
[EventType "team-tourn"]
[EventRounds "9"]
[EventCountry "FRA"]
[Source "ChessBase"]
[SourceDate "2011.10.28"]
[WhiteTeam "Czech Republic"]
[BlackTeam "Hungary"]
[WhiteTeamCountry "CZE"]
[BlackTeamCountry "HUN"]

1. d4 Nf6 2. c4 e6 3. Nc3 Bb4 4. e3 c5 5. Nge2 b6 6. a3 Ba5 7. Rb1 Na6 8. g3
Bb7 9. d5 b5 10. Bg2 bxc4 11. O-O O-O 12. e4 d6 13. Bg5 Nc7 14. dxe6 fxe6 15.
Qa4 Bb6 16. Rbd1 Qe7 17. e5 Bxg2 18. exd6 Qe8 19. Qxe8 Ncxe8 20. Kxg2 Rd8 21.
Bf4 Rf7 22. Ng1 Ba5 23. Na4 Bb6 24. Rfe1 Nd5 25. Nh3 Nxd6 26. Bxd6 Rxd6 27. Ng5
Rfd7 28. Kf3 Nc7 29. Rxd6 Rxd6 30. Ne4 Rd5 31. Rc1 Rd4 32. Naxc5 Bxc5 33. Nxc5
Kf7 34. Re1 Rd5 35. Ne4 Nb5 36. Rc1 Rd3+ 37. Kg2 Rd4 38. Ng5+ Ke7 39. Nf3 Re4
40. Nd2 Re2 41. Nxc4 Nd4 42. Kf1 e5 43. Rd1 Rc2 44. Nxe5 Ne6 45. Rd7+ Kf6 46.
Nd3 Kf5 47. Ke1 Ke4 48. Kd1 Rc6 49. Nb4 Rb6 50. Rxa7 Kf3 51. Rf7+ Kg2 52. h4 g6
53. Rf6 Rd6+ 54. Ke1 Rb6 55. Nd3 1-0

[Event "Mitropa Cup 30th"]
[Site "Merlimont"]
[Date "2011.10.13"]
[Round "6"]
[White "Demuth, Adrien"]
[Black "Milliet, Sophie"]
[Result "1-0"]
[WhiteElo "2440"]
[BlackElo "2374"]
[PlyCount "75"]
[EventDate "2011.10.08"]
[EventType "team-tourn"]
[EventRounds "9"]
[EventCountry "FRA"]
[Source "ChessBase"]
[SourceDate "2011.10.28"]
[WhiteTeam "France"]
[BlackTeam "France II"]
[WhiteTeamCountry "FRA"]
[BlackTeamCountry "FRA"]

1. Nf3 Nf6 2. g3 d5 3. Bg2 c6 4. O-O Bg4 5. d4 Nbd7 6. Nbd2 e6 7. Re1 Be7 8. e4
dxe4 9. Nxe4 O-O 10. c3 Nxe4 11. Rxe4 Bxf3 12. Bxf3 Bg5 13. Bxg5 Qxg5 14. Qb3
Rab8 15. Rae1 Qa5 16. Kg2 Rfd8 17. Rf4 Nf8 18. h4 Qc7 19. Rfe4 Rd7 20. Qa4 Qb6
21. Qc2 Rbd8 22. b4 a5 23. a3 axb4 24. axb4 Ra8 25. Be2 Rdd8 26. Rg4 Nd7 27.
Qc1 Nf6 28. Rxg7+ Kxg7 29. Qg5+ Kf8 30. Qxf6 Re8 31. Bh5 Qc7 32. Re4 e5 33.
dxe5 Qd7 34. e6 Rxe6 35. Qh8+ Ke7 36. Rxe6+ Kxe6 37. Qxa8 Qd5+ 38. Bf3 1-0

[Event "Mitropa Cup 30th"]
[Site "Merlimont"]
[Date "2011.10.13"]
[Round "6"]
[White "Gozzoli, Yannick"]
[Black "Brunner, Nicolas"]
[Result "1/2-1/2"]
[WhiteElo "2522"]
[BlackElo "2466"]
[PlyCount "39"]
[EventDate "2011.10.08"]
[EventType "team-tourn"]
[EventRounds "9"]
[EventCountry "FRA"]
[Source "ChessBase"]
[SourceDate "2011.10.28"]
[WhiteTeam "France II"]
[BlackTeam "France"]
[WhiteTeamCountry "FRA"]
[BlackTeamCountry "FRA"]

1. d4 Nf6 2. c4 c5 3. d5 e6 4. Nc3 exd5 5. cxd5 d6 6. Nf3 g6 7. Bf4 a6 8. a4
Bg7 9. h3 O-O 10. e3 Qc7 11. Nd2 Nbd7 12. Nc4 Ne8 13. Qb3 Rb8 14. Be2 b6 15.
O-O Ne5 16. Bxe5 Bxe5 17. Nxe5 dxe5 18. Qa3 Nd6 19. b4 c4 20. b5 1/2-1/2

[Event "Mitropa Cup 30th"]
[Site "Merlimont"]
[Date "2011.10.13"]
[Round "6"]
[White "Nuri, Kambez"]
[Black "Barbot, Pierre"]
[Result "0-1"]
[WhiteElo "2309"]
[BlackElo "2225"]
[PlyCount "82"]
[EventDate "2011.10.08"]
[EventType "team-tourn"]
[EventRounds "9"]
[EventCountry "FRA"]
[Source "ChessBase"]
[SourceDate "2011.10.28"]
[WhiteTeam "Switzerland"]
[BlackTeam "France III"]
[WhiteTeamCountry "SUI"]
[BlackTeamCountry "FRA"]

1. e4 c5 2. Nf3 Nc6 3. d4 cxd4 4. Nxd4 Nf6 5. Nc3 d6 6. Bg5 e6 7. Qd2 a6 8.
O-O-O Bd7 9. f4 b5 10. Bxf6 gxf6 11. Nxc6 Bxc6 12. Qe3 Qe7 13. a3 Qa7 14. Qe1
Be7 15. Bd3 Qc5 16. b4 Qb6 17. Qe2 Rc8 18. Rhe1 Bb7 19. Kb2 Qc7 20. Qd2 f5 21.
e5 dxe5 22. fxe5 Rg8 23. Re2 Bg5 24. Qe1 Ke7 25. a4 Qb6 26. axb5 Qd4 27. Kb3
axb5 28. Bxb5 Rxc3+ 29. Qxc3 Qxd1 30. Qc7+ Kf8 31. Qxb7 Qb1+ 32. Kc3 Be7 33.
Bc4 Rg4 34. h3 Qa1+ 35. Kb3 Qb1+ 36. Kc3 Rh4 37. Qa8+ Kg7 38. Qa4 Qd1 39. Bd3
Bxb4+ 40. Qxb4 Qa1+ 41. Qb2 Qa5+ 0-1

[Event "Mitropa Cup 30th"]
[Site "Merlimont"]
[Date "2011.10.13"]
[Round "6"]
[White "Stephan, Victor"]
[Black "Schiendorfer, Emanuel"]
[Result "1-0"]
[WhiteElo "2302"]
[BlackElo "2340"]
[PlyCount "139"]
[EventDate "2011.10.08"]
[EventType "team-tourn"]
[EventRounds "9"]
[EventCountry "FRA"]
[Source "ChessBase"]
[SourceDate "2011.10.28"]
[WhiteTeam "France III"]
[BlackTeam "Switzerland"]
[WhiteTeamCountry "FRA"]
[BlackTeamCountry "SUI"]

1. d4 d5 2. c4 e6 3. Nf3 Nf6 4. g3 Bb4+ 5. Bd2 a5 6. Qc2 c5 7. Bg2 cxd4 8. cxd5
O-O 9. Nxd4 Qb6 10. e3 exd5 11. O-O Nc6 12. Bc3 Bxc3 13. bxc3 Be6 14. Nd2 Rfc8
15. Nxe6 fxe6 16. Rab1 Qc7 17. Qb3 Ne5 18. Bh3 Qd6 19. Qb6 Ra6 20. Qxb7 Rxc3
21. Rfc1 Rxc1+ 22. Rxc1 Rc6 23. Rxc6 Nxc6 24. Qc8+ Kf7 25. Nf3 Nd8 26. Qa8 Qb6
27. Nd4 Ne4 28. Qc8 Kf6 29. Qd7 Qd6 30. Qe8 Ng5 31. Bg2 Ngf7 32. h4 Qe7 33. Qg8
h5 34. Qh7 Nh6 35. e4 Ke5 36. Nf3+ Kd6 37. exd5 exd5 38. Qg6+ Qf6 39. Qxh5 Ne6
40. Ng5 Qe5 41. Qg6 Qf6 42. Qxf6 gxf6 43. Nxe6 Kxe6 44. Kf1 Ke5 45. Ke2 Kd4 46.
Kd2 Ng4 47. h5 Nh6 48. f3 Nf5 49. Bf1 Nh6 50. Bd3 Nf7 51. Bc2 Nh6 52. g4 Ke5
53. Ke3 d4+ 54. Kd3 Kf4 55. Bd1 Ke5 56. Kc4 Nf7 57. a4 Nd6+ 58. Kc5 d3 59. f4+
Ke6 60. Kd4 d2 61. Ke3 Kd5 62. Bf3+ Kc4 63. Kxd2 Kd4 64. h6 Nf7 65. h7 Nh8 66.
g5 fxg5 67. fxg5 Ke5 68. Bh5 Kf5 69. g6 Kf6 70. Kc3 1-0

[Event "Mitropa Cup 30th"]
[Site "Merlimont"]
[Date "2011.10.13"]
[Round "6"]
[White "Tripoteau, Nicolas"]
[Black "Kurmann, Oliver"]
[Result "0-1"]
[WhiteElo "2397"]
[BlackElo "2439"]
[PlyCount "64"]
[EventDate "2011.10.08"]
[EventType "team-tourn"]
[EventRounds "9"]
[EventCountry "FRA"]
[Source "ChessBase"]
[SourceDate "2011.10.28"]
[WhiteTeam "France III"]
[BlackTeam "Switzerland"]
[WhiteTeamCountry "FRA"]
[BlackTeamCountry "SUI"]

1. d4 e6 2. Nf3 c5 3. e3 Nf6 4. Bd3 d6 5. O-O Nbd7 6. c4 a6 7. Nc3 g6 8. Qa4
Bg7 9. b4 O-O 10. Rb1 Qc7 11. Rd1 b6 12. bxc5 bxc5 13. Be2 Bb7 14. d5 e5 15.
Nd2 Rfb8 16. Nb3 Nb6 17. Qa5 Bc8 18. Bd2 Bf5 19. Rb2 Qc8 20. Qa3 Nbd7 21. f3 e4
22. f4 Bg4 23. Bxg4 Nxg4 24. Na5 Rxb2 25. Qxb2 Qd8 26. Nc6 Qh4 27. h3 Qf2+ 28.
Kh1 Nxe3 29. Rg1 Nf6 30. Qb7 Re8 31. Be1 Qxf4 32. Qxa6 Nfg4 0-1

[Event "Mitropa Cup 30th"]
[Site "Merlimont"]
[Date "2011.10.14"]
[Round "7.5"]
[White "Rapport, Richard"]
[Black "Shengelia, Davit"]
[Result "1/2-1/2"]
[WhiteElo "2547"]
[BlackElo "2526"]
[PlyCount "141"]
[EventDate "2011.10.08"]
[EventType "team-tourn"]
[EventRounds "9"]
[EventCountry "FRA"]
[Source "ChessBase"]
[SourceDate "2011.10.28"]
[WhiteTeam "Hungary"]
[BlackTeam "Austria"]
[WhiteTeamCountry "HUN"]
[BlackTeamCountry "AUT"]

1. d4 Nf6 2. c4 e6 3. Nc3 Bb4 4. Bg5 h6 5. Bh4 Qe7 6. e3 e5 7. Nf3 Nc6 8. d5
Bxc3+ 9. bxc3 Na5 10. Bg3 O-O 11. Bxe5 d6 12. Bxf6 Qxf6 13. Qd4 Qe7 14. Nd2 c5
15. Qe4 Qf6 16. Bd3 g6 17. Rc1 Kg7 18. Qf3 Qxf3 19. gxf3 b6 20. Nb3 Nxb3 21.
axb3 a5 22. Kd2 Bd7 23. Ra1 Rfe8 24. h4 f5 25. f4 Kf6 26. Kc2 Ra7 27. Ra3 Rg8
28. Kd2 Raa8 29. Ke2 Ra7 30. Rb1 Raa8 31. Bc2 g5 32. hxg5+ hxg5 33. fxg5+ Rxg5
34. Rh1 Be8 35. Rh6+ Rg6 36. Rxg6+ Bxg6 37. Ra1 Bh5+ 38. Kd2 Bf3 39. Rg1 Rh8
40. Rg3 Bg4 41. e4 Rh2 42. Ke3 f4+ 43. Kxf4 Rxf2+ 44. Kxg4 Rxc2 45. e5+ dxe5
46. Rf3+ Ke7 47. Rh3 Rf2 48. Rh7+ Kd8 49. Rb7 a4 50. bxa4 Rf4+ 51. Kg5 Rxc4 52.
Kf5 Kc8 53. Rxb6 e4 54. Re6 Rxc3 55. Kxe4 Rc4+ 56. Ke5 Rxa4 57. Rc6+ Kd7 58.
Rd6+ Kc7 59. Rc6+ Kd7 60. Rh6 c4 61. Rh7+ Kc8 62. Ke6 c3 63. d6 Re4+ 64. Kd5
Rg4 65. Rh8+ Kd7 66. Rh7+ Kd8 67. Rc7 c2 68. Rxc2 Rg1 69. Kc6 Rh1 70. d7 Rh6+
71. Kb7 1/2-1/2

[Event "Mitropa Cup 30th"]
[Site "Merlimont"]
[Date "2011.10.14"]
[Round "7.6"]
[White "Kreisl, Robert"]
[Black "Prohaszka, Peter"]
[Result "0-1"]
[WhiteElo "2402"]
[BlackElo "2553"]
[PlyCount "66"]
[EventDate "2011.10.08"]
[EventType "team-tourn"]
[EventRounds "9"]
[EventCountry "FRA"]
[Source "ChessBase"]
[SourceDate "2011.10.28"]
[WhiteTeam "Austria"]
[BlackTeam "Hungary"]
[WhiteTeamCountry "AUT"]
[BlackTeamCountry "HUN"]

1. Nf3 d5 2. d4 Nf6 3. c4 e6 4. Nc3 Be7 5. Bg5 O-O 6. e3 h6 7. Bh4 a6 8. Rc1
Nbd7 9. cxd5 exd5 10. Bd3 b6 11. O-O Bb7 12. Bxf6 Nxf6 13. Ne5 c5 14. f4 b5 15.
Ne2 Qb6 16. Kh1 Rad8 17. Ng3 Rfe8 18. Nf5 Bf8 19. Rf3 Bc8 20. dxc5 Bxc5 21. b4
Bxf5 22. bxc5 Qe6 23. Bxf5 Qxf5 24. a4 Rc8 25. axb5 axb5 26. Qb3 Nd7 27. Nxd7
Qxd7 28. Rf2 Re4 29. Rd2 Rc4 30. Rxc4 bxc4 31. Qxc4 dxc4 32. Rxd7 c3 33. Rd1 c2
0-1

[Event "Mitropa Cup 30th"]
[Site "Merlimont"]
[Date "2011.10.14"]
[Round "7.7"]
[White "Bokros, Albert"]
[Black "Diermair, Andreas"]
[Result "1-0"]
[WhiteElo "2452"]
[BlackElo "2414"]
[PlyCount "107"]
[EventDate "2011.10.08"]
[EventType "team-tourn"]
[EventRounds "9"]
[EventCountry "FRA"]
[Source "ChessBase"]
[SourceDate "2011.10.28"]
[WhiteTeam "Hungary"]
[BlackTeam "Austria"]
[WhiteTeamCountry "HUN"]
[BlackTeamCountry "AUT"]

1. e4 e5 2. Nf3 Nc6 3. Bb5 a6 4. Ba4 Nf6 5. O-O Be7 6. Re1 b5 7. Bb3 d6 8. c3
O-O 9. d4 Bg4 10. Be3 exd4 11. cxd4 Na5 12. Bc2 Nc4 13. Bc1 c5 14. b3 Nb6 15.
Nbd2 Nfd7 16. h3 Bh5 17. Bb2 Rc8 18. a4 bxa4 19. bxa4 cxd4 20. g4 Bg6 21. a5
Nd5 22. Nxd4 Nf4 23. Ra3 Ne5 24. Nf5 Bf6 25. Bd4 Qc7 26. Bb1 Rfe8 27. Be3 Ne6
28. f4 Nd7 29. g5 Bc3 30. Rxc3 Qxc3 31. Nxd6 Nxf4 32. Bxf4 Qxh3 33. Qf3 Qh4 34.
Qg3 Qxg3+ 35. Bxg3 Rc3 36. Nxe8 Rxg3+ 37. Kf2 Rxg5 38. Nc4 Ne5 39. Ned6 h5 40.
Nxe5 Rxe5 41. Nc4 Rc5 42. Bd3 f6 43. Ke3 h4 44. Kd4 Rb5 45. Rh1 Bf7 46. Rxh4
Kf8 47. Nd6 Rxa5 48. Rh8+ Ke7 49. Nf5+ Kd7 50. Rh7 Ra4+ 51. Ke3 Bc4 52. Rxg7+
Kd8 53. Bxc4 Rxc4 54. Ra7 1-0